00625nam a22002177a 45000010005000000030006000050050017000110080041000280200018000690400029000870500008001161000019001242450051001432600032001943000048002264900041002745050008003155210029003235210020003527000035003728050FISKH20250819155104.0250819b cb ||||| |||| 00| 0 eng d a9788956354088 aFISKHbengcFISKHdFISKH aPZ7 aJacobs, Joseph aThe master and his pupil / cBy Jeseph Jacobs  aSeoul :be-future , c2009. a34 pages : bcolor illustrations ;c20 cm . aMy First Classic Readers vLevel 4-7 aH 8 a400 bLexile estimate 8 aH bRaz-Plus  aWilburn, JasoneSeries Editor